000 01288nam a2200241Ia 4500
999 _c37705
_d37705
001 3678
003 GE_BSU
005 20190524145127.0
008 181216s1982||||ge |||||||||||||| ||geo||
040 _cGE_BSU
041 _ageo
080 _a517.53/55(072) კ–71
100 _aთოფურია,ს.
_91414
245 _aკომპლექსური ცვლადის ფუნქციათა თეორიისა და ოპერაციული აღრიცხვის ელემენტები : დამხმ. სახელმძღვ. /
_cს. თოფურია ; გ. აბესაძე ; ვ. ხოჭოლავა ; რედ : ე.გიორგაძე.
264 _aთბილისი :
_bსპი,
_c1982.
300 _a160 გვ .:
_c20 სმ.
653 _aკომპლექსური ცვლადის ფუნქციათა თეორიისა და ოპერაციული აღრიცხვის ელემენტები
653 _aგეომეტრია
700 _aაბესაძე, გ
_91415
700 _aხოჭოლავა, ვ
_91493
700 _aგიორგაძე, ე
_eრედაქტორი
_9398
942 _cBK
_2udc